[Event "American Zonal 2_5 Open"]
[Site "Montevideo, URU"]
[Date "2013.04.22"]
[Round "6.20"]
[White "Ibanez, Marcelo"]
[Black "Izquierdo, Sebastian"]
[Result "1/2-1/2"]
[WhiteElo "1879"]
[BlackElo "2035"]

1. d4 Nf6 2. c4 e6 3. Nc3 Bb4 4. Bg5 c5 5. d5 Bxc3+ 6. bxc3 d6 7. Nf3 e5 8.
Qc2 Nbd7 9. e3 h6 10. Bh4 Qa5 11. Nd2 O-O 12. f3 Kh8 13. Be2 Ng8 14. Ne4 Qc7
15. g4 f6 16. Bg3 Nb6 17. Nf2 f5 18. h4 Qe7 19. Nh3 Bd7 20. Ng5 g6 21. Nh3 Kg7
22. g5 h5 23. a4 f4 24. Bf2 fxe3 25. Bxe3 Bf5 26. Qb3 Qd7 27. Nf2 Rae8 28.
a5 Nc8 29. Ne4 Bxe4 30. fxe4 Rf7 31. Kd2 Ree7 32. Qb5 Kf8 33. Raf1 Ke8 34. Rh2
Rxf1 35. Bxf1 Qxb5 36. cxb5 Rf7 37. Bh3 Nge7 38. Kd3 Kd8 39. Rf2 Rxf2 40.
Bxf2 Kc7 1/2-1/2

[Event "American Zonal 2_5 Open"]
[Site "Montevideo, URU"]
[Date "2013.04.22"]
[Round "6.21"]
[White "Muzzi, Eduardo"]
[Black "Garcia, Axel"]
[Result "1-0"]
[WhiteElo "2022"]
[BlackElo "1790"]

1. e4 d5 2. exd5 Nf6 3. d4 Nxd5 4. Nf3 Bg4 5. h3 Bh5 6. c4 Nb6 7. Nc3 Nc6 8.
d5 Ne5 9. g4 Nxf3+ 10. Qxf3 Bg6 11. c5 Nd7 12. Bb5 a6 13. Ba4 e6 14. dxe6
fxe6 15. c6 bxc6 16. Qxc6 Bd6 17. Be3 Rb8 18. O-O-O Qe7 19. h4 h6 20. Rhe1 Rd8
21. Nd5 Qf7 22. Nxc7+ Bxc7 23. Rxd7 Rxd7 24. Qxc7 O-O 25. Qxd7 Qf6 26. Bc2
Bxc2 27. Kxc2 Qg6+ 28. Qd3 Rc8+ 29. Kd2 Qxg4 30. Qd4 Qg6 31. Rc1 Rb8 32. Rc2 Qe8
33. Kc1 Rd8 34. Qc4 Kh8 35. b3 Qg6 36. Kb2 Qf6+ 37. Rc3 Rd1 38. Qxa6 Qf5 39.
Qc8+ Kh7 40. Rc2 Qf6+ 41. Qc3 Qxh4 42. Rd2 Rg1 43. Qd3+ Rg6 44. a4 h5 45. f4
Qf6+ 46. Ka2 h4 47. Rh2 Kg8 48. Qd4 Qe7 49. Bf2 Rg4 50. Qe3 Qf6 51. a5 Rxf4
52. Bxh4 Qf5 53. Be1 Re4 54. Qd2 Kf7 55. Rf2 1-0

[Event "American Zonal 2_5 Open"]
[Site "Montevideo, URU"]
[Date "2013.04.22"]
[Round "6.22"]
[White "Lallana Yanez, Daniel"]
[Black "Milan, Julio"]
[Result "1-0"]
[WhiteElo "1985"]
[BlackElo "1704"]

1. c4 Nf6 2. d4 c5 3. Nf3 cxd4 4. Nxd4 e5 5. Nc2 d5 6. e3 Be6 7. cxd5 Qxd5 8.
Bd2 Nc6 9. Nc3 Qd7 10. f3 a6 11. Qe2 Be7 12. Rd1 Qc7 13. g3 O-O 14. Bg2 Rad8
15. O-O Rd7 16. Bc1 Rfd8 17. Rxd7 Rxd7 18. Rd1 Qd8 19. b3 Rxd1+ 20. Nxd1 Bc5
21. Kf1 Qd7 22. Nf2 b5 23. Bb2 Qd6 24. Nd3 Bb6 25. Ba3 Qd7 26. Ncb4 Nxb4 27.
Bxb4 Qc7 28. Qd2 Nd5 29. Ne1 Nxe3+ 30. Ke2 Nxg2 31. Nxg2 Qd7 32. Ne1 Qxd2+
33. Bxd2 Bf5 34. a4 bxa4 35. bxa4 a5 36. Nd3 e4 37. fxe4 Bxe4 38. Nb2 Bd5 39.
Kd3 Kf8 40. Nc4 Bxc4+ 41. Kxc4 Ke7 42. Kb5 Bg1 43. h3 Kd7 44. Bxa5 f5 45. Bb6
Bh2 46. Bf2 Kc7 47. Kc5 f4 48. gxf4 Bxf4 49. Bd4 g6 50. Kd5 h5 51. Ke4 Bg5
52. Kf3 Kb7 53. Be5 Ka6 54. Bf4 Bf6 55. Bh6 Ka5 56. Kf4 Kxa4 57. Bg5 Bg7 58.
Ke4 Kb3 59. Kd5 Kc2 60. Ke6 Kd3 61. Kf7 Bd4 62. Kxg6 Ke4 63. Kxh5 Kf5 64. Bh4
Bg7 65. Be1 Bf6 66. Bd2 Be5 67. Kh6 Bf6 68. Be3 Be5 69. h4 Bf6 70. h5 Be5 71.
Bg5 Bd4 72. Be7 Be5 73. Bg5 Bd4 74. Bd2 Bf6 75. Kh7 Be5 76. Kg8 Bd4 77. Kf7
Be5 78. h6 Bh8 79. h7 Be5 80. Bh6 1-0

[Event "American Zonal 2_5 Open"]
[Site "Montevideo, URU"]
[Date "2013.04.22"]
[Round "6.25"]
[White "Campiglia, Guido"]
[Black "Marrero, Javier"]
[Result "1-0"]
[WhiteElo "1871"]
[BlackElo "1881"]

1. e4 c5 2. Nf3 e6 3. d4 cxd4 4. Nxd4 Nc6 5. g3 Qc7 6. Bg2 Nf6 7. Nc3 a6 8.
O-O Nxd4 9. Qxd4 Bc5 10. Qd1 d6 11. Kh1 Bd7 12. f4 Bc6 13. Qe2 O-O 14. g4 d5
15. e5 d4 16. exf6 Bxg2+ 17. Qxg2 dxc3 18. fxg7 Kxg7 19. bxc3 Rfd8 20. Rb1 Rd7
21. c4 Bd4 22. Rb3 Qc6 23. Rbf3 Kh8 24. Rd3 Qxg2+ 25. Kxg2 Rdd8 26. Rfd1 Bf6
27. Bb2 e5 28. Rxd8+ Bxd8 29. Bxe5+ Kg8 30. Kf3 Rc8 31. g5 Ba5 32. Rd7 Rxc4
33. Rxb7 Rc8 34. Ra7 Bc3 35. Rxa6 Bxe5 36. fxe5 Rxc2 37. h4 Rc5 38. e6 fxe6
39. Rxe6 Rc2 40. a4 Ra2 41. Re4 Kg7 42. h5 Ra1 43. Kg4 Kf7 44. Kf5 Rf1+ 45.
Rf4 Rh1 46. g6+ hxg6+ 47. hxg6+ Kg7 48. Rg4 Re1 49. Kg5 Rf1 50. Rg3 Ra1 51. Rg4
Rf1 52. Rb4 Rg1+ 53. Kf5 Rf1+ 54. Rf4 Re1 55. Re4 Rf1+ 56. Ke5 Kxg6 57. Kd5
Ra1 58. Kc5 Kf6 59. Kb5 Rb1+ 60. Ka6 Rb2 61. a5 Ra2 62. Kb6 Rb2+ 63. Ka7 Ra2
64. a6 Ra1 65. Rb4 Ra5 66. Kb7 Re5 67. a7 Re7+ 68. Ka6 1-0

[Event "American Zonal 2_5 Open"]
[Site "Montevideo, URU"]
[Date "2013.04.23"]
[Round "7.1"]
[White "Vasquez Schroeder, Rodrigo"]
[Black "Bachmann, Axel"]
[Result "1/2-1/2"]
[WhiteElo "2547"]
[BlackElo "2529"]

1. d4 Nf6 2. c4 e6 3. Nf3 b6 4. Nc3 Bb7 5. a3 g6 6. d5 Bg7 7. g3 O-O 8. Bg2
c6 9. Nd4 cxd5 10. cxd5 Nxd5 11. Nxd5 Bxd5 12. Bxd5 exd5 13. Nb5 d4 14. Nxd4
Nc6 15. Nf3 d5 16. O-O Rc8 17. Rb1 Re8 18. b4 Qe7 19. e3 Qe4 20. Bb2 Ne5 21.
Bxe5 Bxe5 22. Nxe5 Rxe5 23. Rb3 Rc2 24. Qa1 h5 25. Rc3 Rxc3 26. Qxc3 h4 27.
Qc8+ Kg7 28. Qh3 hxg3 29. hxg3 d4 30. exd4 Qxd4 31. Qc8 Rh5 32. Qc6 Qd5 33.
Qxd5 Rxd5 34. Rc1 Rd3 35. a4 Ra3 36. a5 bxa5 37. b5 Rb3 38. Rc7 Rxb5 39. Rxa7 g5
40. Kg2 g4 41. f3 gxf3+ 42. Kxf3 Kg6 43. g4 Rb3+ 44. Kf4 Rb4+ 45. Kf3 a4 46.
Ra6+ Kg7 47. g5 Rb3+ 48. Ke4 Ra3 49. Kf4 Ra1 50. Kf3 a3 51. Kf2 Kf8 52. Ra7
Ke8 53. Kg2 a2 54. Kh2 Kd8 55. g6 fxg6 56. Kg2 g5 57. Kh2 g4 58. Kg2 g3 59.
Ra3 Rb1 60. Rxa2 1/2-1/2

[Event "American Zonal 2_5 Open"]
[Site "Montevideo, URU"]
[Date "2013.04.23"]
[Round "7.2"]
[White "Larrea, Manuel"]
[Black "Felgaer, Ruben"]
[Result "0-1"]
[WhiteElo "2308"]
[BlackElo "2585"]

1. e4 c5 2. c3 Nf6 3. e5 Nd5 4. d4 cxd4 5. cxd4 d6 6. Nf3 e6 7. Bc4 Be7 8.
O-O O-O 9. Nc3 Nxc3 10. bxc3 Qc7 11. Qd3 Nd7 12. exd6 Bxd6 13. Bb3 b6 14. Bc2
g6 15. Bh6 Re8 16. Ba4 Bb7 17. h3 Rad8 18. Qe3 Bc6 19. Bb3 Qb7 20. Rfe1 Bxf3
21. Qxf3 Qxf3 22. gxf3 Nf6 23. a4 Nh5 24. Re4 Nf6 25. Re3 Rc8 26. Rae1 Bf8 27.
Bg5 Kg7 28. a5 h6 29. Bxf6+ Kxf6 30. axb6 axb6 31. Ra1 Bd6 32. c4 Bc7 33.
Rd3 Kg5 34. Ra7 f5 35. Kg2 e5 36. d5 Bd6 37. Rb7 Rb8 38. Rf7 Rf8 39. Rd7 Rfd8
40. Rf7 Ra8 41. Rb7 Ra6 42. Rd2 Bc5 43. Re2 Ra3 44. Rb2 Kh4 45. Rg7 Rd6 46.
Rh7 h5 47. Re7 Rxd5 48. cxd5 Bxe7 49. Bd1 Bc5 50. Be2 Ra4 51. Rd2 Bd6 52. Rb2
Rb4 53. Rxb4+ Bxb4 54. Bb5 g5 55. Bd7 g4 56. Kh2 Bd6 57. Kg1 Kxh3 58. Bb5 h4
59. Kf1 Bc5 60. d6 Bxd6 61. Bc6 Bc5 0-1

[Event "American Zonal 2_5 Open"]
[Site "Montevideo, URU"]
[Date "2013.04.23"]
[Round "7.3"]
[White "Almiron, Antonio"]
[Black "Mareco, Sandro"]
[Result "0-1"]
[WhiteElo "2194"]
[BlackElo "2580"]

1. e4 c5 2. Nf3 d6 3. Bb5+ Nd7 4. O-O Ngf6 5. Re1 a6 6. Bxd7+ Nxd7 7. Nc3 Ne5
8. Nxe5 dxe5 9. Qh5 Qd6 10. Nd5 g6 11. Qg5 f6 12. Qg3 Kf7 13. d3 e6 14. Nc3
Be7 15. Rf1 g5 16. h4 h6 17. Qf3 Kg7 18. Qg3 Kh7 19. Be3 Bd7 20. f3 Rag8 21.
hxg5 hxg5 22. Kf2 f5 23. Rh1+ Kg6 24. Bd2 f4 25. Qg4 c4 26. Ke2 cxd3+ 27.
cxd3 Rd8 28. Rad1 Bb5 0-1

[Event "American Zonal 2_5 Open"]
[Site "Montevideo, URU"]
[Date "2013.04.23"]
[Round "7.4"]
[White "Flores, Diego"]
[Black "Vazquez, Guillermo"]
[Result "1/2-1/2"]
[WhiteElo "2600"]
[BlackElo "2351"]

1. Nf3 Nf6 2. g3 b5 3. Bg2 Bb7 4. O-O e6 5. d3 c5 6. e4 d6 7. Re1 Nc6 8. a4
a6 9. e5 Nd5 10. exd6 Bxd6 11. Ng5 Nf6 12. Nc3 h6 13. Nge4 Nxe4 14. Nxe4 Be7
15. Be3 Nb4 16. Qg4 Kf8 17. Qe2 Kg8 18. axb5 axb5 19. Bxc5 Bxc5 20. Nxc5 Bxg2
21. Kxg2 Rc8 22. c3 Rxc5 23. cxb4 Rd5 24. Ra7 Qf6 25. Qe4 g6 26. Re3 Rf5 27.
Rf3 Kg7 28. Rxf5 gxf5 29. Qb7 f4 30. Qf3 Rd8 31. Qg4+ Kf8 32. Rb7 Qe5 33. Qh4
Qd5+ 34. f3 Kg7 35. Qg4+ Kf8 36. Qh4 Kg7 37. Rc7 Qxd3 38. Qg4+ Kf8 39. Qh5
Qg6 40. Qxg6 fxg6 41. Rb7 Rd2+ 42. Kh3 Rxb2 43. Rxb5 fxg3 44. hxg3 Kf7 45. Rb8
h5 46. f4 Kf6 47. b5 e5 48. fxe5+ Kxe5 49. b6 Kf6 50. g4 1/2-1/2

[Event "American Zonal 2_5 Open"]
[Site "Montevideo, URU"]
[Date "2013.04.23"]
[Round "7.5"]
[White "Izquierdo, Daniel"]
[Black "Alonso, Salvador"]
[Result "0-1"]
[WhiteElo "2219"]
[BlackElo "2521"]

1. Nf3 Nf6 2. c4 g6 3. Nc3 Bg7 4. e4 c5 5. d4 cxd4 6. Nxd4 d6 7. Be2 O-O 8.
O-O Nc6 9. Be3 Nxd4 10. Bxd4 Bd7 11. Rc1 Bc6 12. Qd3 a5 13. b3 Nd7 14. Bxg7
Kxg7 15. Qd4+ Kg8 16. Rfd1 Re8 17. f4 Qb8 18. Nd5 e5 19. Qf2 Bxd5 20. cxd5 Nf6
21. Bd3 Ng4 22. Qb6 exf4 23. Rc7 Qd8 24. Rf1 Rc8 25. Rxb7 Qh4 26. h3 Ne3 27.
Rf2 Rc1+ 28. Bf1 Qg3 29. Qb5 Rxf1+ 0-1

[Event "American Zonal 2_5 Open"]
[Site "Montevideo, URU"]
[Date "2013.04.23"]
[Round "7.6"]
[White "Salinas Herrera, Pablo"]
[Black "Rodriguez Vila, Andres"]
[Result "1/2-1/2"]
[WhiteElo "2401"]
[BlackElo "2503"]

1. Nf3 e6 2. c4 c5 3. Nc3 Nc6 4. e3 Nf6 5. d4 d5 6. a3 cxd4 7. exd4 Be7 8.
cxd5 Nxd5 9. Bd3 O-O 10. O-O Nxc3 11. bxc3 b6 12. Qe2 Bb7 13. Bb2 Bf6 14. Rfd1
Qc7 15. c4 Rfd8 16. Qc2 Ne7 17. Bxh7+ Kh8 18. Bd3 Bxf3 19. gxf3 Qf4 20. Be4
Rac8 21. Qd3 g6 22. Qe3 Qh4 23. Rac1 Kg7 24. f4 Qg4+ 25. Kf1 Nf5 26. Qf3 Qxf3
27. Bxf3 Rh8 28. Bg4 Nd6 29. c5 bxc5 30. Rxc5 Rb8 31. Bc1 Rxh2 32. Bf3 Nf5
33. Kg1 Rbh8 34. Rc4 R2h3 35. Bg2 Rb3 36. d5 Rd8 37. Rc7 a5 38. Rd2 e5 39. Rd1
Nd4 40. fxe5 Bxe5 41. Re7 Bf6 42. Re3 Rb1 43. Be4 Ra1 44. Rde1 Ra2 45. Kg2
Nb5 46. Rd3 a4 47. Rh1 Nd6 48. Bf3 Nf5 49. Bd2 Nh4+ 50. Kg3 Ra1 1/2-1/2

[Event "American Zonal 2_5 Open"]
[Site "Montevideo, URU"]
[Date "2013.04.23"]
[Round "7.7"]
[White "Lopez Azambuja, Nicolas"]
[Black "Muniz, Rafael"]
[Result "1-0"]
[WhiteElo "2173"]
[BlackElo "2279"]

1. d4 Nf6 2. c4 e6 3. Nc3 Bb4 4. Qc2 O-O 5. a3 Bxc3+ 6. Qxc3 d5 7. Nf3 dxc4
8. Qxc4 b6 9. Bg5 Ba6 10. Qa4 Qd7 11. Qc2 Qc6 12. Qxc6 Nxc6 13. Rc1 Ne7 14.
Bxf6 gxf6 15. Rxc7 Rfc8 16. Rxc8+ Rxc8 17. Kd2 Nc6 18. b4 Bb7 19. e3 a5 20. b5
Ne7 21. Bd3 Ng6 22. Rb1 f5 23. Ne1 Rc7 24. Rc1 Rd7 25. Ke2 Kf8 26. h3 Ke7 27.
g4 f4 28. Nf3 Bxf3+ 29. Kxf3 Ne5+ 30. Ke4 Nxd3 31. Kxd3 h5 32. exf4 hxg4 33.
hxg4 f6 34. Ke4 Rd5 35. a4 f5+ 36. gxf5 Rxf5 37. Rc7+ Kd6 38. Rc6+ Kd7 39.
Rxb6 Rh5 40. Ra6 Rh1 41. Rxa5 Re1+ 42. Kd3 Rd1+ 43. Ke3 1-0

[Event "American Zonal 2_5 Open"]
[Site "Montevideo, URU"]
[Date "2013.04.23"]
[Round "7.8"]
[White "Latorre, Matias"]
[Black "Coppola, Claudio"]
[Result "0-1"]
[WhiteElo "2274"]
[BlackElo "2173"]

1. e4 e5 2. d4 exd4 3. Nf3 Nc6 4. Nxd4 Nf6 5. Nxc6 bxc6 6. e5 Qe7 7. Qe2 Nd5
8. Nd2 g6 9. c4 Ba6 10. Qe4 f5 11. exf6 Nxf6 12. Qxe7+ Bxe7 13. Bd3 c5 14.
O-O O-O 15. b3 Bb7 16. Bb2 Rae8 17. Rae1 Bd8 18. f3 Kf7 19. Kf2 Nh5 20. g3 Nf4
21. Bc2 Ne6 22. Be4 c6 23. Bd3 d5 24. f4 Nxf4 25. Rxe8 Nxd3+ 26. Ke3+ Kxe8
27. Rxf8+ Kxf8 28. Kxd3 Bc8 29. Ba3 Bf5+ 30. Ke2 Be7 31. Nf3 Bd6 32. Nd4 Bd7
33. Kd2 Ke7 34. Ne2 Be6 35. Nf4 dxc4 36. Nxe6 Kxe6 37. bxc4 Kf5 38. Ke3 Kg4 39.
Kf2 Kh3 40. Kg1 h5 41. Kh1 a6 42. Bc1 h4 43. gxh4 Bxh2 44. Be3 Bd6 45. Bg5
Kg3 46. Kg1 Kf3 47. Kf1 Ke4 48. Ke2 Kd4 49. Kd2 Kxc4 50. Kc2 Be5 51. Be7 Bd4
52. Bd8 Kd5 53. Kb3 c4+ 54. Kb4 c5+ 55. Ka5 c3 56. Bg5 c2 57. Bc1 Bf6 58. Kxa6
Bxh4 59. Kb5 g5 60. a4 g4 61. a5 Bf2 0-1

[Event "American Zonal 2_5 Open"]
[Site "Montevideo, URU"]
[Date "2013.04.23"]
[Round "7.9"]
[White "El Ters, Antouan"]
[Black "Bustelo, Tabare"]
[Result "1-0"]
[WhiteElo "2236"]
[BlackElo "2079"]

1. e4 c5 2. Nf3 Nc6 3. d4 cxd4 4. Nxd4 e5 5. Nb5 a6 6. Nd6+ Bxd6 7. Qxd6 Qf6
8. Qd2 Qg6 9. Nc3 Nge7 10. b3 d5 11. f3 dxe4 12. Nxe4 O-O 13. Ba3 Bf5 14. Bd3
Rfd8 15. O-O-O Nd5 16. g4 Be6 17. h4 Qh6 18. Qxh6 gxh6 19. Nc5 Nd4 20. Nxe6
fxe6 21. Rdf1 Rac8 22. Rh2 Ne3 23. Rff2 Nxf3 24. Rxf3 Rxd3 25. Re2 Rd1+ 26.
Kb2 Nxg4 27. Rg3 h5 28. Rxe5 Kf7 29. Rxh5 Nf6 30. Rf3 Rd2 31. Rh6 Rcxc2+ 32.
Kb1 Rxa2 33. Rhxf6+ Ke8 34. Rxe6+ Kd7 35. Re7+ Kc6 36. Rf6+ 1-0

[Event "American Zonal 2_5 Open"]
[Site "Montevideo, URU"]
[Date "2013.04.23"]
[Round "7.11"]
[White "Mesias Rojas, Rabindranath"]
[Black "Jodorcovsky Werjivker, Paulo"]
[Result "1/2-1/2"]
[WhiteElo "2213"]
[BlackElo "2165"]

1. d4 d5 2. c4 e6 3. Nc3 c6 4. e4 Bb4 5. e5 c5 6. a3 Bxc3+ 7. bxc3 Ne7 8. Nf3
Nbc6 9. Bd3 cxd4 10. cxd4 b6 11. O-O Ba6 12. Qa4 Bxc4 13. Bxc4 dxc4 14. Qxc4
Rc8 15. Bg5 O-O 16. Qa6 Qd7 17. Bxe7 Nxe7 18. Rac1 h6 19. h3 Rfd8 20. Kh2
Rc7 21. Rxc7 Qxc7 22. Kg1 Rd5 23. Qd3 Qd7 24. Rc1 Nf5 25. Rd1 Qd8 26. Qd2 Nh4
27. Nxh4 Qxh4 28. Qc3 Qd8 29. Rd3 Rd7 30. Qd2 Rd5 31. Qc3 Qd7 32. Qd2 Qd8 33.
Qc3 Kh8 34. Qd2 Rd7 35. Qf4 1/2-1/2

[Event "American Zonal 2_5 Open"]
[Site "Montevideo, URU"]
[Date "2013.04.23"]
[Round "7.12"]
[White "Ibar, Marcelo"]
[Black "Carbone, Diego"]
[Result "1/2-1/2"]
[WhiteElo "2196"]
[BlackElo "2074"]

1. Nf3 Nf6 2. g3 b6 3. Bg2 Bb7 4. O-O c5 5. c4 e6 6. Nc3 a6 7. Re1 d6 8. e4
Nbd7 9. d4 cxd4 10. Nxd4 Qc7 11. Bg5 Be7 12. Rc1 O-O 13. h3 Rac8 14. b3 Rfe8
15. Qd2 Nc5 16. f4 h6 17. Bh4 Nh7 18. Bxe7 Rxe7 19. Re3 Nf6 20. Rce1 Rd8 21.
Nc2 Ncd7 22. Kh2 Nf8 23. Rd3 Red7 24. Qf2 Qc5 25. Qxc5 dxc5 26. Rxd7 Rxd7 27.
e5 Bxg2 28. Kxg2 Rd3 29. Re3 Rd2+ 30. Re2 Rd3 31. Re3 Rd2+ 32. Re2 Rd3
1/2-1/2

[Event "American Zonal 2_5 Open"]
[Site "Montevideo, URU"]
[Date "2013.04.23"]
[Round "7.13"]
[White "Granara Barreto, Sebastian A."]
[Black "Zacarias, M Ruben D"]
[Result "1/2-1/2"]
[WhiteElo "2099"]
[BlackElo "2186"]

1. f4 c5 2. Nf3 Nc6 3. g3 g6 4. Bg2 Bg7 5. O-O e6 6. d3 Nge7 7. c3 O-O 8. Na3
d6 9. Nc2 e5 10. fxe5 dxe5 11. Be3 b6 12. Qc1 Rb8 13. Bh6 f6 14. Bxg7 Kxg7
15. Ne3 Be6 16. a3 a5 17. Nd2 f5 18. Nf3 h6 19. b4 axb4 20. axb4 cxb4 21. cxb4
f4 22. Nc2 b5 23. Qb2 Qd6 24. Ra6 Bc8 25. Raa1 Kh7 26. Nd2 Bg4 27. Ne4 Qe6
28. gxf4 exf4 29. Rf2 Rf7 30. Raf1 Rbf8 31. Qc3 Kg8 32. Qc5 Rf5 33. Qd6 R5f7
34. Qxe6 Bxe6 35. Nd6 Rf6 36. Nxb5 Rb8 37. Nbd4 Nxd4 38. Nxd4 Rxb4 39. Nxe6
Rxe6 40. Rxf4 Rxf4 41. Rxf4 Rxe2 42. Re4 1/2-1/2

[Event "American Zonal 2_5 Open"]
[Site "Montevideo, URU"]
[Date "2013.04.23"]
[Round "7.14"]
[White "Arcos Facio, Mateo"]
[Black "Davila Texeira, Mario"]
[Result "1-0"]
[WhiteElo "2185"]
[BlackElo "1879"]

1. e4 e5 2. Nf3 Nf6 3. d4 d6 4. Nc3 exd4 5. Nxd4 Be7 6. Bc4 Nc6 7. Nxc6 bxc6
8. Bf4 O-O 9. Qe2 Be6 10. O-O-O Nd7 11. Bg3 Nb6 12. Bxe6 fxe6 13. Qg4 Qc8 14.
Ne2 e5 15. Qxc8 Raxc8 16. b3 Rb8 17. h4 g6 18. f3 Rf7 19. Nc3 Bf8 20. Rd3
Bh6+ 21. Kd1 Bg7 22. Ke2 Rff8 23. Bf2 Bh6 24. a4 a6 25. Bxb6 Rxb6 26. Nd1 Bg7
27. h5 Kf7 28. Ne3 Rh8 29. Rc3 Ke6 30. a5 Rb7 31. Rxc6 Ra7 32. hxg6 hxg6 33.
Rxh8 Bxh8 34. Nd5 Kd7 35. Nb4 Rb7 36. Rc4 Ra7 37. Nd5 Bg7 38. Ra4 c6 39. Nb6+
Ke6 40. Rc4 c5 41. Ra4 Bf6 42. Ra1 Rh7 43. c3 Bd8 44. Nc4 Rh2 45. Kf2 Bh4+
46. Kg1 Bg3 47. Rd1 Rh8 48. Rxd6+ Kf7 49. Ne3 Rb8 50. Rb6 Rd8 51. Nd5 Ra8 52.
Rb7+ Kg8 53. Ne7+ Kf8 54. Nxg6+ Kg8 55. Ne7+ Kh8 56. Rc7 Be1 57. Rxc5 Rd8 58.
Kf1 Bh4 59. Ng6+ 1-0

[Event "American Zonal 2_5 Open"]
[Site "Montevideo, URU"]
[Date "2013.04.23"]
[Round "7.15"]
[White "Ruggiero, Alvaro"]
[Black "Saralegui, Mario"]
[Result "1-0"]
[WhiteElo "1983"]
[BlackElo "2146"]

1. e4 e5 2. Nf3 Nc6 3. Bc4 Nf6 4. d3 Be7 5. O-O d6 6. Re1 Na5 7. Nbd2 Nxc4 8.
Nxc4 O-O 9. Ne3 c6 10. c4 Re8 11. b3 Bf8 12. Bb2 Nd7 13. Qc2 Nc5 14. b4 Ne6
15. d4 exd4 16. Nxd4 Nf4 17. Ndf5 Qg5 18. f3 d5 19. cxd5 cxd5 20. exd5 Bxf5
21. Qxf5 Rxe3 22. Qxg5 Rxe1+ 23. Rxe1 1-0

[Event "American Zonal 2_5 Open"]
[Site "Montevideo, URU"]
[Date "2013.04.23"]
[Round "7.16"]
[White "Daneri, Martin"]
[Black "Lallana Yanez, Daniel"]
[Result "1-0"]
[WhiteElo "2135"]
[BlackElo "1985"]

1. Nf3 Nc6 2. d4 d5 3. Bf4 Bf5 4. c3 Nf6 5. e3 a6 6. Nbd2 e6 7. Be2 Bd6 8.
Bg3 O-O 9. Ne5 Bxe5 10. dxe5 Nd7 11. f4 f6 12. exf6 Nxf6 13. Bh4 Qe8 14. g4 Be4
15. O-O Qg6 16. Bxf6 gxf6 17. Nxe4 dxe4 18. Qb3 Nd8 19. f5 Qg5 20. Rf4 b5
21. fxe6 Nc6 22. Rd1 Ne7 23. Rd7 f5 24. Qa3 Rae8 25. Qxa6 Ng6 26. e7 Nxe7 27.
Qxb5 h5 28. Qe5 c6 29. Bc4+ Nd5 30. Bxd5+ cxd5 31. Qxd5+ Kh8 32. Qd4+ Kg8 33.
h4 Qg6 34. g5 Re6 35. b4 Rf7 36. Rd8+ Rf8 37. Rxf8+ Kxf8 38. Qd5 Rd6 39.
Rxf5+ 1-0

[Event "American Zonal 2_5 Open"]
[Site "Montevideo, URU"]
[Date "2013.04.23"]
[Round "7.17"]
[White "Lanzilotta, Marcelo"]
[Black "Muzzi, Eduardo"]
[Result "1-0"]
[WhiteElo "1980"]
[BlackElo "2022"]

1. e4 e6 2. d3 d5 3. Nd2 c5 4. Ngf3 Nf6 5. g3 Nc6 6. Bg2 Be7 7. O-O b6 8. Re1
Bb7 9. e5 Nd7 10. Nf1 Qc7 11. Qe2 h6 12. c3 O-O-O 13. Bd2 g5 14. h3 Rdg8 15.
N1h2 Qd8 16. b4 cxb4 17. cxb4 Nxb4 18. Nd4 Kb8 19. Rec1 Na6 20. a4 Nac5 21.
a5 Ka8 22. Bb4 a6 23. axb6 Qb8 24. Nb5 Bc6 25. Nc7+ Kb7 26. Nxa6 Nxa6 27.
Bxe7 Qe8 28. Bd6 Nxb6 29. Ng4 Qd8 30. Rxa6 1-0

[Event "American Zonal 2_5 Open"]
[Site "Montevideo, URU"]
[Date "2013.04.23"]
[Round "7.20"]
[White "Pinero, Ismael"]
[Black "Hiriart, Guillermo"]
[Result "0-1"]
[WhiteElo "1883"]
[BlackElo "2049"]

1. e4 d6 2. d4 Nd7 3. c4 e5 4. d5 Ngf6 5. Nc3 Be7 6. Bd3 c6 7. Nge2 O-O 8.
O-O a5 9. h3 Re8 10. Be3 Qc7 11. Rc1 Bf8 12. Ng3 g6 13. b3 Nc5 14. Bb1 Bd7 15.
dxc6 bxc6 16. Bxc5 dxc5 17. Qd2 h5 18. Qe3 Kh7 19. Rcd1 Be6 20. Na4 Qe7 21.
Qc3 Nd7 22. Qf3 Ra7 23. Nf5 Qf6 24. g4 Qg5 25. Qe3 Qxe3 26. Nxe3 Bh6 27. gxh5
Bxh3 28. hxg6+ fxg6 29. Rfe1 Rf8 30. Rd3 Be6 31. Kg2 Kg7 32. Rd6 Rf6 33. Red1
Kf7 34. R6d3 Ke7 35. f3 Bf4 36. Rh1 Rf7 37. Kf2 Rb7 38. Rg1 Bh6 39. Rxg6
Bxe3+ 40. Rxe3 Bxc4 41. Rxc6 Bb5 42. Nxc5 Bxc6 43. Nxb7 Bxb7 44. Rc3 Kd6 45.
Rd3+ Kc5 46. Rc3+ Kb6 47. a3 Nc5 48. Ke3 Ba6 49. Bc2 Ne6 50. b4 axb4 51. axb4
Nd4 52. Bd1 Nb5 53. Rc5 Na3 54. Bb3 Rd7 55. Bd5 Bb7 56. Be6 Re7 57. Bb3 Nb5 58.
Ba4 Ba6 59. Bxb5 Bxb5 60. f4 exf4+ 61. Kxf4 Rf7+ 62. Ke5 Rf1 63. Kd4 Rd1+
64. Kc3 Rd3+ 65. Kb2 Ba4 66. Ra5 Rb3+ 67. Ka2 Rxb4 68. Re5 Bc6 69. Ka3 Rd4 70.
Re6 Kc5 71. e5 Bd5 72. Re7 Re4 73. Kb2 Kd4 74. Re8 Re2+ 75. Ka1 Kc3 76. Rb8
Rxe5 77. Rc8+ Bc4 78. Rb8 Ra5+ 79. Kb1 Bd3+ 0-1

[Event "American Zonal 2_5 Open"]
[Site "Montevideo, URU"]
[Date "2013.04.23"]
[Round "7.21"]
[White "Izquierdo, Sebastian"]
[Black "Solari, Pablo"]
[Result "1-0"]
[WhiteElo "2035"]
[BlackElo "1703"]

1. Nf3 d5 2. d4 Nf6 3. g3 e6 4. Bg2 Bd6 5. c4 c6 6. O-O O-O 7. b3 Nbd7 8. Ba3
c5 9. cxd5 exd5 10. dxc5 Nxc5 11. Bb2 b6 12. Nc3 Be7 13. Nb5 Bb7 14. Nbd4
Rc8 15. Nf5 Ne6 16. Nxe7+ Qxe7 17. Rc1 Rcd8 18. e3 Rd7 19. Nd4 Nxd4 20. Bxd4
Ne4 21. Qe2 Nc5 22. Rfd1 Ne6 23. Bb2 Rfd8 24. Qg4 Rc7 25. h4 Rdd7 26. Rxc7 Rxc7
27. Rd2 Rd7 28. Kh2 h6 29. f4 f6 30. Qf5 Nc7 31. e4 Qe6 32. Qxe6+ Nxe6 33.
Bh3 Re7 34. Ba3 Nc5 35. exd5 Re8 36. Bxc5 bxc5 37. Be6+ Kf8 38. Rc2 Rd8 39.
Rxc5 a6 40. h5 Ba8 41. Kh3 Ke7 42. Rc7+ Kd6 43. Rxg7 Bxd5 44. Bxd5 Kxd5 45. Rg6
Ke6 46. Rxh6 Rd2 47. g4 Rxa2 48. g5 Ke7 49. Rxf6 Ra3 50. Kg4 a5 51. Ra6 Rxb3
52. Rxa5 Rb8 53. g6 Kf6 54. Ra6+ Kg7 55. Kg5 Rf8 56. f5 Rb8 57. h6+ Kg8 58.
Ra7 Rf8 59. f6 Rb8 60. h7+ Kh8 1-0

[Event "American Zonal 2_5 Open"]
[Site "Montevideo, URU"]
[Date "2013.04.23"]
[Round "7.22"]
[White "Campiglia, Guido"]
[Black "Ibanez, Juan Rodrigo"]
[Result "1-0"]
[WhiteElo "1871"]
[BlackElo "2009"]

1. e4 e5 2. Bc4 d6 3. d3 Nf6 4. Nf3 Be7 5. c3 O-O 6. Nbd2 c6 7. Bb3 Na6 8.
O-O Bg4 9. Re1 Qc7 10. Nf1 Nc5 11. Bc2 Rad8 12. h3 Bh5 13. Ng3 Bg6 14. Nh2 d5
15. Qf3 dxe4 16. dxe4 Ne6 17. Ng4 Nxg4 18. hxg4 Bg5 19. Bxg5 Nxg5 20. Qe3 Ne6
21. Nf5 Qb6 22. Qxb6 axb6 23. Rad1 Nc5 24. b4 Ne6 25. g3 Rfe8 26. f3 b5 27.
Kf2 Kf8 28. Ke2 f6 29. a4 bxa4 30. Bxa4 Bxf5 31. gxf5 Nc7 32. Ra1 Ra8 33. Bb3
Nb5 34. Kd2 Red8+ 35. Kc2 Na3+ 36. Kc1 Rd3 37. Rf1 Ra7 38. Rf2 Ke7 39. Rfa2
Rxc3+ 40. Kb2 Rxf3 41. Rxa3 Rxa3 42. Rxa3 Rxg3 43. Ra7 h5 44. Rxb7+ Kd8 45.
Rb8+ Kc7 46. Rh8 Rg4 47. Bc2 h4 48. Kc1 Kb6 49. Bd3 c5 50. bxc5+ Kxc5 51. Kd2
Kd4 52. Rd8+ Kc5 53. Rc8+ Kb4 54. Rb8+ Kc5 55. Rb5+ Kc6 56. Rb1 Kc5 57. Rc1+
Kb4 58. Re1 Rg2+ 59. Be2 g5 60. fxg6 Rxg6 61. Rh1 Rh6 62. Bg4 Kc4 63. Ke3 Rh8
64. Rh3 Ra8 65. Rxh4 Ra3+ 66. Kf2 Kd4 67. Bf5 Ra2+ 68. Kg3 Ke3 69. Rh3 Ra1
70. Kg4+ Kf2 71. Rh2+ Ke3 72. Rg2 Rh1 73. Rg3+ Kf2 74. Rf3+ Ke2 75. Ra3 Rg1+
76. Kh5 1-0

[Event "American Zonal 2_5 Open"]
[Site "Montevideo, URU"]
[Date "2013.04.23"]
[Round "7.25"]
[White "Milan, Julio"]
[Black "Nakle, Gonzalo"]
[Result "1/2-1/2"]
[WhiteElo "1704"]
[BlackElo "1728"]

1. e4 Nf6 2. Nc3 d6 3. d4 g6 4. h3 Bg7 5. Be3 O-O 6. Qd2 c5 7. dxc5 Nc6 8.
cxd6 exd6 9. O-O-O Be6 10. Qxd6 Qa5 11. Qc5 Rad8 12. Qxa5 Nxa5 13. Rxd8 Rxd8
14. Bd3 Nc4 15. Bg5 Ne5 16. Be2 Rc8 17. Nf3 Nfd7 18. Nxe5 Bxe5 19. Bd2 Nb6 20.
Rd1 Nc4 21. Be1 a6 22. Bxc4 Bxc4 23. Rd7 b5 24. Nd5 Kf8 25. Bc3 Bxc3 26. Nxc3
b4 27. Nd5 Bd3 28. Nxb4 Bxe4 29. f3 Bf5 30. Rd2 a5 31. Nd5 Rc5 32. Nc3 Bc8
33. Rd5 Rxd5 34. Nxd5 Ba6 1/2-1/2